R. Gupta's popular master guide UGC NET/SLET: (Record no. 26660)

MARC details
000 -LEADER
fixed length control field 00886nam a22002297a 4500
005 - DATE AND TIME OF LATEST TRANSACTION
control field 20090521124140.0
008 - FIXED-LENGTH DATA ELEMENTS--GENERAL INFORMATION
fixed length control field 090521t xxu||||| |||| 00| 0 eng d
010 ## - LCCN (DPL NO)
LC control number ENG-93643
020 ## - INTERNATIONAL STANDARD BOOK NUMBER
International Standard Book Number 9788178127224
Terms of availability 350.00
035 ## - SYSTEM CONTROL NUMBER
System control number EN-77176
037 ## - SOURCE OF ACQUISITION
Source of stock number/acquisition DBAD / PUB
040 ## - CATALOGING SOURCE
Original cataloging agency dpl
Language of cataloging English
082 ## - DEWEY DECIMAL CLASSIFICATION NUMBER
Classification number 333.7
100 ## - MAIN ENTRY--PERSONAL NAME
Personal name Pandey, Ravindra
245 ## - TITLE STATEMENT
Title R. Gupta's popular master guide UGC NET/SLET:
Remainder of title environmental science /
260 ## - PUBLICATION, DISTRIBUTION, ETC. (IMPRINT)
Place of publication, distribution, etc New Delhi
Name of publisher, distributor, etc Ramesh Publishing House
Date of publication, distribution, etc 2009
270 ## - ADDRESS
Address 12-H, New Daryaganj Road, Opp. Traffic Kotwalil,
City New Delhi
Postal code 110002
300 ## - PHYSICAL DESCRIPTION
Extent Various pagings
Dimensions 25cm(pbk)
650 ## - SUBJECT ADDED ENTRY--TOPICAL TERM
Topical term or geographic name as entry element Environmental sciences
942 ## - ADDED ENTRY ELEMENTS (KOHA)
Source of classification or shelving scheme Dewey Decimal Classification
Item type English Books
Call number suffix PAN
Classification part 333.7
Holdings
Withdrawn status Lost status Source of classification or shelving scheme Damaged status Not for loan Collection code Home library Current library Date acquired Source of acquisition Cost, normal purchase price Total Checkouts Full call number Barcode Date last seen Copy number Cost, replacement price Koha item type
    Dewey Decimal Classification   Not For Loan Non-fiction D.B.Act.Division D.B.Act.Division 21/05/2009 DBAD / PUB 350.00   333.7 PAN EN-77176 21/05/2009 1 350.00 English Books

© Delhi Public Library
Hit Counter
free hit counter